| 000 | 00851nas a2200277 4500 | ||
|---|---|---|---|
| 001 | BR0505135 | ||
| 003 | BR-BrBNA | ||
| 005 | 20231205105704.0 | ||
| 007 | ta | ||
| 008 | 230509b bl.|||p| |||| 00| 00por d | ||
| 040 |
_aBR-BrBNA _bpor _cBiblioteca Nacional de Agricultura |
||
| 041 | _a(Pt) | ||
| 072 | _aH60 | ||
| 100 | 1 | _aOliveira, N.M.B. | |
| 100 | 1 | _aSampaio, E.V.S.B. | |
| 100 | 1 | _aPereira, S.M.B. | |
| 100 | 1 | _aMoura Júnior, A.M. | |
| 245 | 1 | _aCapacidade de regeneração de Egeria densa nos reservatórios de Paulo Afonso, BA | |
| 650 | _aPLANTA AQUÁTICA | ||
| 650 | _aERVA DANINHA | ||
| 650 | _aRESERVATÓRIO DE ÁGUA | ||
| 650 | _aCONTROLE MECÂNICO | ||
| 773 | 0 |
_tPlanta Daninha (Brazil) _xISSN 0100-8358 _g(Apr-Jun 2005), v. 23(2) p. 363-369 _wBR0505135 |
|
| 909 |
_a202311 _bLúcia _c55 _dLúcia Elande |
||
| 942 |
_2AGRIS _n0 _cANA |
||
| 999 |
_c184163 _d184163 |
||